| 000 | 00774nam a22002537a 4500 | ||
|---|---|---|---|
| 003 | UA-OsUOA | ||
| 001 | 32515 | ||
| 007 | ta | ||
| 008 | 20050204b un ||||| |||| 00| 0 ukr d | ||
| 100 | _aФранчук В. И. | ||
| 090 |
_a33 _bФ84 |
||
| 942 | _cBK | ||
| 040 |
_aUA-OsUOA _brus _cUA-OsUOA _dUA-OsUOA |
||
| 245 |
_aОсновы построения организационных систем _bМонография _cВ. И. Франчук; Ред. Е. Н. РостиславскаяРед. Е. Н.Ростиславская |
||
| 300 |
_a111 с. _bІлюстрації |
||
| 955 | _a0 | ||
| 041 | _arus | ||
| 080 | _a33 | ||
| 020 | _a5-282-01263-4 | ||
| 260 |
_aМосква _b"Экономика" _c1991 |
||
| 044 | _aRU | ||
| 650 | 7 | _2UDC | |
| 999 |
_c318960 _d318960 |
||